Formula One Drivers With Multiple Championships - Statistics

General Stats
  • This quiz has been taken 19 times
  • The average score is 9 of 17
Answer Stats
Hint Answer % Correct
4 Alain Prost
94%
7 Lewis Hamilton
94%
4 Max Verstappen
94%
7 Michael Schumacher
94%
4 Sebastian Vettel
94%
2 Fernando Alonso
78%
5 Juan Manuel Fangio
78%
2 Mika Hakkinen
67%
2 Alberto Ascari
61%
2 Jim Clark
44%
2 Graham Hill
39%
3 Jack Brabham
39%
2 Emerson Fittipaldi
28%
3 Lauda Nicki
0%
3 Piquet Nelson
0%
3 Senna Ayrton
0%
3 Stewart Jackie
0%
No matching quizzes found
Score Distribution
Percent of People with Each Score
Percentile by Number Answered
Your Score History
You have not taken this quiz